000 00642nam a2200193 a 4500
001 000025966
005 20200930024206.0
008 110217s1972 fr r 000 | spa d
040 _aDO-SdBNP
_bspa
_cBNPHU
082 _a374.26
_bW247r
100 1 _aWaniewicz, Icnacy,
_952854
245 1 3 _aLa radiocomunicación al servicio de la educación de adultos :
_bcompendio de la experiencia mundial /
_cIcnacy Waniewicz.
260 _aParis :
_bUNESCO,
_c1972.
300 _a137 p. ;
_c18 cm.
650 4 _aEducación de adultos
_91419
650 4 _aRadio en la educación
_952855
650 4 _aTelevisión en la educación
_952856
049 _aBNGR
999 _c25458
_d25458